| 000 | 00361nam a22001457a 4500 | ||
|---|---|---|---|
| 003 | OSt | ||
| 005 | 20160727222421.0 | ||
| 008 | 160628b xxu||||| |||| 00| 0 eng d | ||
| 040 | _cTEST | ||
| 100 |
_91282 _aBendick, J., et al |
||
| 245 | _aElementary Science -2 | ||
| 260 |
_aNEW YORK _bGINN & COMPANY _c1980 |
||
| 300 | _aElementary Science -2 | ||
| 942 |
_2ddc _cBK |
||
| 999 |
_c1049 _d1049 |
||